00551nam a22001577a 4500020001800000040000900018082001800027100003200045110004400077245004200121260004200163650004900205942001200254999001900266952010800285 a9788177581584 cNust a621.3815bBOY aRobert L. Boylestad9124203 aLouis Nashelsky, K. LaL Kishore9124577 aElectronic Devices and Circuit Theory aNew Delhi:bDorling Kindersly,c2006. aElectronic Devices and Circuit Theory965964 2ddccBK c610398d610398 00102ddc4070aCEMEbCEMEcGENd2024-07-18l0o621.3815 BOYpCEME- 41895r2024-07-18w2024-07-18yBK